Philip's atlas of exploration

Saved in:
Bibliographic Details
Other Authors: Hemming, John 1935- (Author of introduction, etc.)
Format: Book
Language:English
Published: London : Philip's, 1996
Subjects:
Tags: Add Tag
No Tags, Be the first to tag this record!

MARC

LEADER 00000nam a2200000 i 4500
001 1/9819
008 000824s1996 eng d
020 |a 0-540-06191-3 
035 |l 10063206 
040 |a GR-MY-UA  |b gre  |e aacr 
041 0 |a eng 
082 0 |a 913.04 
245 1 0 |a Philip's atlas of exploration /  |c foreword by John Hemming 
246 3 3 |a Atlas of exploration 
260 |a London :   |b Philip's,   |c 1996 
300 |a 248 p.  |b fig., ill. 
650 0 0 |a Explorers. 
650 0 0 |a Discoveries in geography. 
700 1 |a Hemming, John  |d 1935-  |4 aui 
852 |a INST  |b LESVOS  |e 20000824  |h 913.04 PHI  |p 005100020299  |q 005100020299  |t BK  |y 0 
901 |a BIBL1-2000-2 
909 |a Λ  |b 060421 
922 |a 1ΕΛΗ  |b 199810  |c ΚΠΣ/ΤΓ 
970 |z 2000/08/ELIDOC